Overcoming mismanagement in the human service professions / (Record no. 49606)
[ view plain ]
| 000 -LEADER | |
|---|---|
| fixed length control field | 00736nam a2200241 a 4500 |
| 001 - CONTROL NUMBER | |
| control field | 49606 |
| 003 - CONTROL NUMBER IDENTIFIER | |
| rucl marc code | BD-RjUL |
| 005 - DATE AND TIME OF LATEST TRANSACTION | |
| control field | 20211209054712.0 |
| 008 - FIXED-LENGTH DATA ELEMENTS--GENERAL INFORMATION | |
| fixed length control field | 160821s1973 enk 001 0 eng d |
| 020 ## - INTERNATIONAL STANDARD BOOK NUMBER | |
| International Standard Book Number | 0875892124 |
| 035 ## - SYSTEM CONTROL NUMBER | |
| System control number | (BD-RjUL)49725 |
| 040 ## - CATALOGING SOURCE | |
| Original cataloging agency | BD-RjUL |
| Language of cataloging | eng |
| Transcribing agency | BD-RjUL |
| Modifying agency | BD-RjUL |
| 041 ## - LANGUAGE CODE | |
| Language code of text/sound track or separate title | eng |
| 082 ## - DEWEY DECIMAL CLASSIFICATION NUMBER | |
| Edition number | 23 |
| Classification number | 361.3 |
| Author mark and year | WEO 1973 |
| 100 1# - MAIN ENTRY--PERSONAL NAME | |
| Personal name | Weissman, Harold H. |
| 9 (RLIN) | 148768 |
| 245 10 - TITLE STATEMENT | |
| Title | Overcoming mismanagement in the human service professions / |
| Statement of responsibility, etc. | [by] Harold H. Weissman. |
| 260 ## - PUBLICATION, DISTRIBUTION, ETC. (IMPRINT) | |
| Place of publication, distribution, etc. | London : |
| Name of publisher, distributor, etc. | Jossey - Bass, |
| Date of publication, distribution, etc. | 1973. |
| 300 ## - PHYSICAL DESCRIPTION | |
| Pagination | xii, 145 p. ; |
| Size | 24 cm. |
| 500 ## - GENERAL NOTE | |
| General note | Include index |
| 650 ## - SUBJECT ADDED ENTRY--TOPICAL TERM | |
| Topical term or geographic name as entry element | Social work administration. |
| 9 (RLIN) | 148616 |
| 830 #0 - SERIES ADDED ENTRY--UNIFORM TITLE | |
| Uniform title | Jossey-Bass behavioral science series |
| 942 ## - ADDED ENTRY ELEMENTS (KOHA) | |
| Source of classification or shelving scheme | Dewey Decimal Classification |
| Koha item type | Books |
| Lost status | Source of classification or shelving scheme | Damaged status | Not for loan | Collection code | Permanent Location | Current Location | Shelving location | Date acquired | Source of acquisition | Total Checkouts | Full call number | Date last seen | Copy number | Koha item type |
|---|---|---|---|---|---|---|---|---|---|---|---|---|---|---|
| Dewey Decimal Classification | Non-fiction | Central Library, University of Rajshahi | Central Library, University of Rajshahi | 15/08/1989 | Author | 361.3 WEO 1973 | 21/08/2016 | C-2 | Books |